[Event "Porto San Giorgio op"]
[Site "Porto San Giorgio"]
[Date "2007.08.24"]
[Round "4"]
[White "Tomba, Ivan"]
[Black "Sacchini, Marco"]
[Result "1-0"]
[WhiteElo "2244"]
[BlackElo "2116"]
[PlyCount "53"]
[EventDate "2007.08.21"]
[EventType "swiss"]
[EventRounds "9"]
[EventCountry "ITA"]
[SourceTitle "CBM 120 Extra"]
[Source "ChessBase"]
[SourceDate "2007.11.01"]
[SourceVersion "1"]
[SourceVersionDate "2007.11.01"]
[SourceQuality "1"]

1. e4 g6 2. d4 Bg7 3. Nc3 c6 4. Bc4 d6 5. Qf3 Nf6 6. e5 dxe5 7. dxe5 Nd5 8. Nxd5 cxd5 9. Bxd5 0-0 10. Bxb7 Bxb7 11. Qxb7 Qa5+ 12. c3 Na6 13. Qf3 Rab8 14. Ne2 Bxe5 15. 0-0 Qc7 16. g3 Rfd8 17. b3 Rbc8 18. Bf4 Bxf4 19. Nxf4 Qxc3 20. Qb7 Nb4 21. Qxe7 Rd2 22. Qxa7 Qf3 23. a3 Nc2 24. Rac1 Qxb3 25. a4 Qf3 26. Qa5 Rcd8 27. Rxc2 1-0

[Event "Rome Steinitz op 1st"]
[Site "Rome"]
[Date "2002.07.06"]
[Round "2"]
[White "Farina, Saverio"]
[Black "Sacchini, Marco"]
[Result "1-0"]
[WhiteElo "2104"]
[BlackElo "2047"]
[PlyCount "67"]
[EventDate "2002.07.05"]
[EventType "swiss"]
[EventRounds "5"]
[EventCountry "ITA"]
[SourceTitle "EXT 2007"]
[Source "ChessBase"]
[SourceDate "2006.11.23"]
[SourceVersion "1"]
[SourceVersionDate "2006.11.23"]
[SourceQuality "1"]

1. c4 g6 2. Nc3 Bg7 3. d4 d6 4. e4 Nf6 5. Nge2 0-0 6. Ng3 e5 7. d5 Ne8 8. h4 f5 9. exf5 gxf5 10. Nh5 Nf6 11. Bg5 Qe8 12. Nxg7 Kxg7 13. Qd2 Kh8 14. Bd3 Na6 15. 0-0-0 Nc5 16. f3 Bd7 17. Bc2 a6 18. g4 b5 19. Bxf6+ Rxf6 20. g5 Rf8 21. h5 bxc4 22. g6 Qe7 23. Rdg1 Rg8 24. Rh2 f4 25. Rhg2 hxg6 26. Rxg6 Rxg6 27. Rxg6 Qf8 28. Qg2 Nd3+ 29. Bxd3 cxd3 30. Qg5 Bf5 31. Rh6+ Bh7 32. Ne4 Qg7 33. Nf6 Rg8 34. Nxh7 1-0